01261nam a22002777a 4500999001700000005001700017008004100034040002700075041000800102044000700110082001900117110002700136111007500163245011800238260006800356300003000424650005900454650007400513650004100587651003600628710006900664710004700733710004500780942001500825952014300840 c20830d2083020200211093936.0200211b xxu||||| |||| 00| 0 spa d aCO-BoIAVH cCO-BoIAVH  aeng abe a577.0913bB42t aBelgian Science Policy aThird GBIF Science SymposiumcBruselas, Bélgicad18-19 de abril 2005 aTropical Biodiversity: Science, Data, ConservationbAbstract VolumecBelgian Science Policy y otros colaboradores aBélgica:bRoyal Belgian Institute of Natural Sciences,c2005. a52 páginas,c24 x 17 cm 0a Biodiversidadv Congresos y conferencias. xTrópico 0aÁreas prioritarias de conservaciónvCongresos, conferencias, etc. 0aProductos tropicalesvBanana, café 0aÁfrica centralxBiodiversidad aBelgian Clearing-House to the Convention on Biological Diversity aRoyal Belgian Institute of Natural Science aGlobal Biodiversity Information Facility 2ddccLIBRO 00102ddc40708GENERALaBogotabBogotad2020-02-11l0oLB-577.0913 B42tp044086r2020-02-11 00:00:00tEj. 1w2020-02-11xDonacionyLIBRO